[Event "FRA-ch Universities 2019"]
[Site "Paris"]
[Date "2019.02.02"]
[Round "2"]
[White "Deltour, Quentin"]
[Black "Daeschler, Florian"]
[Result "1-0"]
[WhiteElo "1968"]
[BlackElo "2276"]
[Annotator "TA"]
[PlyCount "139"]
[EventDate "2019.02.01"]
[EventType "swiss"]
[EventCountry "FRA"]
[SourceTitle "playchess.com"]
[Source "ChessBase"]
[SourceQuality "1"]

{[%evp 10,139,-4,-16,0,-44,-42,-42,-23,-35,-25,-99,-34,-35,-29,-34,-30,-43,-16,-91,-88,-106,-72,-209,-177,-244,-19,-66,67,78,77,69,120,93,188,178,177,182,164,155,264,252,253,237,343,351,465,362,403,403,362,352,328,303,610,575,1263,1190,1346,1244,1425,1399,2347,2091,2488,1881,29988,29983,29991,29990,29993,1889,1837,1775,1784,1708,1782,1781,12849,2531,12848,4646,29980,29981,29981,29978,29988,29985,29980,29976,29970,29974,29969,29958,29965,11363,29970,5878,29965,29967,29967,29967,29970,29971,29970,29967,29968,29967,29965,29961,29955,29958,12850,10973,29948,12823,29982,0,5829,0,29982,5750,5560,5546,5510,5488,29978,29974,29985,29983,29983,4570]} 1. e4 e5 2. Nf3 Nc6 3. d4 exd4 4. Nxd4 Nf6 5. Nxc6 bxc6 6. Qd4 Be7 {C45: Scotch Game} (6... c5 7. Qd3 Bb7 8. Nc3 Qe7 9. Bg5 h6 10. Bxf6 Qxf6 11. O-O-O O-O-O 12. Nd5 Qe6 13. Qa3 Kb8 14. Qa5 {1-0 (29) Thorhallsson,T (2425)-Thorfinnsson,B (2449) Kopavogur 2012}) 7. c4 $146 ({Predecessor:} 7. Bc4 O-O 8. O-O d5 9. exd5 cxd5 10. Bb3 c6 11. c4 Ba6 12. Rd1 dxc4 13. Qxd8 Rfxd8 14. Bc2 {½-½ (35) Aimar,N-Chemmachemma,M (1122) Constantine 2017}) 7... O-O 8. Be2 Bb4+ {Black is slightly better.} 9. Bd2 Qe7 10. e5 (10. Bxb4 $11 Qxb4+ 11. Nd2) 10... Bxd2+ ({Better is} 10... Bc5 $1 $17 {[%cal Rc5d4]} 11. exf6 Qxe2+ 12. Kxe2 Bxd4) 11. Nxd2 $15 Re8 12. f4 {Qf2 is the strong threat.} d6 {[%cal Rd6e5]} 13. Nf3 {[%cal Bd2f3,Bf3d4,Bd4c6][%mdl 32]} Nd7 14. Qe4 (14. O-O $11 {keeps the balance.}) 14... dxe5 $17 15. O-O-O exf4 16. Qxc6 (16. Qxf4 $17 Rb8 17. Rd2) 16... Rb8 ({Not} 16... Qxe2 17. Rhe1 $11) 17. Rhe1 {[#]} (17. Bd3 $142 Ne5 18. Qe4 Nxd3+ 19. Qxd3) 17... Qf6 $2 (17... Qe3+ $1 $19 18. Kb1 Qc3) 18. Nd4 $11 Qxc6 ({Black should play} 18... g6 $15) 19. Nxc6 $14 {Black must now prevent Bg4.} Rb6 20. Nxa7 Nf6 (20... Nf8 $14) 21. Nb5 c6 (21... c5 $16) 22. Nd6 $18 Rf8 {[#]} 23. c5 $1 {[%cal Rc5b6]} Rb8 24. Bf3 Be6 (24... Bg4 $16 {was worth a try.}) 25. Bxc6 Bxa2 26. Rd4 g5 (26... Bb3 $142 27. Bf3 (27. Rxf4 Rfd8 $16) 27... Ne8 28. Nxe8 Rfxe8 29. Rxe8+ Rxe8) 27. b4 {[%cal Bb2b4,Bb4b5,Bb5b6,Bb6b7][%mdl 32]} Ng4 28. Re2 Be6 29. b5 Nxh2 30. Re5 h6 31. b6 f3 $2 (31... Ng4 32. Re2 Nf6) 32. gxf3 Nxf3 33. Bxf3 Kg7 34. b7 Kf6 35. Re2 Rfd8 36. c6 g4 37. Bg2 Ke7 38. c7 {[%mdl 64] Double Attack} h5 39. cxd8=Q+ Rxd8 40. Red2 (40. Nc8+ $142 Kf6 41. Rxd8 Kg7 42. b8=Q Bxc8 43. Qe5+ f6 44. Qe7+ Kh6 45. Qxf6+ Kh7 46. Rh8#) 40... Rb8 41. Rb2 h4 42. Ne4 h3 43. Bh1 f5 44. Ng5 g3 45. Rdd2 Kf6 46. Nxe6 Kxe6 47. Ra2 f4 48. Ra8 g2 49. Bxg2 hxg2 50. Rxg2 Rxb7 51. Ra6+ Ke5 52. Rb2 (52. Rg5+ $142 Ke4 53. Ra4+ Ke3 54. Re5+ Kd3 55. Rxf4 Rc7+ 56. Kd1 Rg7 57. Rd5+ Kc3 58. Rdd4) 52... Rd7 53. Rd2 (53. Rb5+ $142 Kd4 54. Ra4+ Kc3 55. Rxf4 Rg7 56. Rc5+ Kd3 57. Rc2 Rd7 58. Ra4) 53... Rc7+ 54. Kd1 Kf5 55. Ke2 Kg4 56. Rg6+ Kf5 57. Rb6 Kg4 58. Kf2 Rh7 59. Rd4 Rh2+ 60. Kg1 Ra2 61. Rg6+ Kf3 62. Rf6 Kg3 63. Rg6+ (63. Rdxf4 $142 Rg2+ 64. Kf1 Rb2 65. Rf3+ Kg4 66. Rf8 Kh4 67. Rg8 Rb1+ 68. Kg2) 63... Kf3 64. Rf6 Kg3 $1 {Hoping for ...Ra1+.} 65. Rd3+ (65. Rdxf4 $142 Rg2+ 66. Kf1 Ra2 67. Rf3+ Kg4 68. Rf8 Kh4 69. Rg8 Rb2 70. Kg1) 65... Kg4 66. Re6 Rb2 67. Re1 f3 68. Rf1 {White mates.} ({Worse is} 68. Kf1 Kg3 $11) 68... Rg2+ 69. Kh1 Rg3 70. Rd4+ {Accuracy: White = 59%, Black = 18%.} (70. Rg1 $142 Kf4 71. Rxg3 Kxg3 72. Kg1 Kf4 73. Kf2 Ke4 74. Rd8 Kf5 75. Kxf3) 1-0

[Event "FRA-ch Universities 2019"]
[Site "Paris"]
[Date "2019.02.02"]
[Round "2"]
[White "Noir, Mathys"]
[Black "Fines, Adrien"]
[Result "1-0"]
[WhiteElo "1889"]
[BlackElo "1756"]
[Annotator "NA RC"]
[PlyCount "59"]
[EventDate "2019.02.01"]
[EventType "swiss"]
[EventCountry "FRA"]
[SourceTitle "playchess.com"]
[Source "ChessBase"]
[SourceQuality "1"]
[TimeControl "900+5"]

1. e4 {[%emt 0:00:00]} c5 {[%emt 0:00:00]} 2. d4 {[%emt 0:00:03]} cxd4 {[%emt 0:00:04]} 3. c3 {[%emt 0:00:03]} Nf6 {[%emt 0:00:16]} 4. e5 {[%emt 0:00:05]} Nd5 {[%emt 0:00:01]} 5. Qxd4 {[%emt 0:00:05]} Nc7 {[%emt 0:00:28]} 6. Nf3 {[%emt 0:01:08]} Nc6 {[%emt 0:00:02]} 7. Qe4 {[%emt 0:00:08]} g6 {[%emt 0:00:18]} 8. Bc4 {[%emt 0:00:54]} Bg7 {[%emt 0:01:54]} 9. h4 {[%emt 0:01:21]} d5 {[%emt 0:00:46]} 10. exd6 {[%emt 0:00:08]} Qxd6 {[%emt 0:00:02]} 11. O-O {[%emt 0:01:23]} Bf5 {[%emt 0:00:08]} 12. Qe2 {[%emt 0:00:07]} O-O-O {[%emt 0:01:12]} 13. Ng5 {[%emt 0:01:31]} b5 {[%emt 0:06:00]} 14. Nxf7 {[%emt 0:02:50]} Qc5 {[%emt 0:00:09]} 15. Nxd8 {[%emt 0:00:20]} Rxd8 {[%emt 0:00:05]} 16. g4 {[%emt 0:00:40]} bxc4 {[%emt 0:02:36]} 17. gxf5 {[%emt 0:00:06]} Qxf5 {[%emt 0:00:04]} 18. Nd2 {[%emt 0:00:55]} Ne5 {[%emt 0:00:33]} 19. f4 {[%emt 0:01:44]} Nd3 {[%emt 0:00:37]} 20. Nxc4 {[%emt 0:00:51]} Qc5+ {[%emt 0:00:01]} 21. Ne3 {[%emt 0:00:02]} Ne6 {[%emt 0:00:33]} 22. Qg4 {[%emt 0:00:31]} Rd6 {[%emt 0:00:30]} 23. f5 {[%emt 0:00:01]} Nxc1 {[%emt 0:00:09]} 24. Raxc1 {[%emt 0:00:22]} Qxe3+ {[%emt 0:00:01]} 25. Kh1 {[%emt 0:00:04]} Nc5 {[%emt 0:00:22]} 26. f6+ {[%emt 0:00:01]} Kc7 {[%emt 0:00:10]} 27. fxg7 {[%emt 0:00:02]} Ne4 {[%emt 0:00:05]} 28. g8=Q {[%emt 0:00:25]} Nf2+ {[%emt 0:00:02]} 29. Rxf2 {[%emt 0:00:05]} Qxc1+ {[%emt 0:00:02]} 30. Kg2 {[%emt 0:00:03]} 1-0

[Event "FRA-ch Universities 2019"]
[Site "Paris"]
[Date "2019.02.02"]
[Round "3"]
[White "Loiseau, Quentin"]
[Black "Cahen, Alexis"]
[Result "1/2-1/2"]
[WhiteElo "2452"]
[BlackElo "2109"]
[Annotator "TA"]
[PlyCount "131"]
[EventDate "2019.02.01"]
[EventType "swiss"]
[EventCountry "FRA"]
[SourceTitle "playchess.com"]
[Source "ChessBase"]
[SourceQuality "1"]

{[%evp 9,131,52,93,50,73,27,41,0,40,50,98,33,21,9,26,14,67,64,72,72,82,54,55,56,53,6,13,14,11,5,14,0,0,0,0,0,0,0,0,0,15,15,15,12,13,13,14,12,9,9,16,10,9,14,20,-3,-4,-2,-1,-23,0,0,12,15,15,8,8,0,0,0,0,0,-1,-199,-62,-36,0,0,0,0,0,0,0,-430,-415,-451,-436,-580,-15,-16,-16,-367,-8,-8,-8,-8,-8,-8,-8,-8,-8,-8,-8,-8,-8,-8,0,0,0,0,0,0,0,0,29990,-8,-8,-8,-8,-8,-8,-8,-8,-8]} 1. Nf3 $146 (1. e4 c5 2. Nf3 b6 3. d4 cxd4 4. Nxd4 Bb7 {1-0 (47) Karjakin,S (2756)-Kamsky,G (2721) Beijing 2013}) ({Predecessor:} 1. e4 c5 2. Nf3 b6 3. d4 cxd4 4. Nxd4 Bb7 {1-0 (41) Jurasek,M (2360)-Nedela,V (2405) Czechia 1999}) 1... b6 2. e4 Bb7 3. Nc3 c5 4. d4 cxd4 5. Nxd4 Nc6 6. Be2 {B27: Sicilian: 2 Nf3, unusual Black 2nd moves} (6. Bf4 g6 7. Ndb5 Rc8 8. Nd5 d6 9. Qd2 Bg7 10. O-O-O a6 11. Nxe7 axb5 12. Nxc8 Qxc8 13. Bxb5 Nge7 14. Bxd6 {1-0 (47) Karjakin,S (2756)-Kamsky,G (2721) Beijing 2013}) 6... g6 7. Bg5 Bg7 ({Predecessor:} 7... Qb8 8. Nd5 Bg7 9. Nb5 Qe5 10. f4 Qxb2 11. Rb1 Qxa2 12. Nbc7+ Kd8 13. Nxa8 Bxa8 {1-0 (41) Jurasek,M (2360)-Nedela,V (2405) Czechia 1999}) 8. Ndb5 {White is slightly better.} d6 9. Nd5 {Threatens to win with Ndc7+.} Rc8 10. Nxe7 (10. c3 $16) 10... Ngxe7 $14 11. Nxd6+ {[%mdl 64] Double Attack} Kf8 12. Nxc8 ({Much worse is} 12. Nxb7 Qc7 $17) 12... Qxd1+ (12... Qxc8 $11 13. c3 h6) 13. Rxd1 Bxc8 14. c3 f6 15. Be3 Be6 16. O-O Kf7 17. b3 f5 18. exf5 Nxf5 19. Bd2 Rd8 20. Rfe1 {[#]} Rxd2 $1 {[%mdl 576] Remove Defender} 21. Rxd2 Bxc3 22. Rc2 Bxe1 23. Rxc6 Ne7 24. Rc7 a5 25. Rb7 Bb4 26. Rxb6 Nd5 27. Rb7+ Kf6 28. Bc4 h6 29. Ra7 Ke5 30. g3 Kd4 31. Ra6 Bf5 32. Bxd5 Kxd5 33. a3 Bc3 34. f3 Bd3 35. Ra8 {And now Rd8+ would win.} Bd4+ 36. Kg2 Bb6 37. Rb8 Kc6 38. Rh8 h5 39. Rc8+ Kb5 40. a4+ Kb4 41. Rc6 $2 (41. Rb8 $11 Kc5 42. h3) 41... Bd4 (41... Be3 $19 42. g4 Kxb3) 42. Rd6 $15 Kc3 {[%mdl 1024] Black has compensation.} (42... Kc5 $5 {[%cal Rc5d6]} 43. Rd8 Bf5 $15) 43. Rd5 Bb6 $1 44. h4 Bc2 45. Rb5 Bd8 46. Rb8 $2 {[%mdl 8192]} (46. Rd5 $11 Bb6 47. Rb5) 46... Be7 $19 47. Rb6 Bb4 48. g4 hxg4 $2 (48... Kxb3 $19 49. gxh5 gxh5) 49. fxg4 $11 Kxb3 50. h5 $2 {[%mdl 8192]} (50. g5 $1 $11) 50... gxh5 $2 ({Black should try} 50... g5 $1 $19 51. Rb5 Kxa4 52. Rxg5 Kb3) 51. gxh5 Be4+ 52. Kg3 Kxa4 53. h6 Bc3 54. Kf4 Bc2 55. Ke3 Ka3 56. Rb7 a4 57. h7 Bb3 58. Rc7 Be5 59. Rc5 Bb2 60. Rc8 Ka2 61. Kd2 {Black must now prevent Rc3.} a3 $2 {[%mdl 8192] [#]} (61... Be5 $11) 62. h8=Q $2 (62. Rc3 $1 {[%mdl 512] mates} Be6 (62... Bxc3+ 63. Kxc3) 63. h8=Q Bf7 {[#]} 64. Qh1 $1 {[%mdl 512]} Bb3 65. Qf3 $1 {[%mdl 512]} Be6 66. Kc2 $1 {[%mdl 512]} Bg8 67. Qh1 $1 {[%mdl 512]}) 62... Bxh8 {The position is equal.} 63. Rxh8 Kb2 64. Kd3 $1 a2 65. Ra8 $1 a1=R 66. Rxa1 {Accuracy: White = 49%, Black = 45%.} 1/2-1/2

[Event "FRA-ch Universities 2019"]
[Site "Paris"]
[Date "2019.02.02"]
[Round "3"]
[White "Eden, James"]
[Black "Albaric, Etienne"]
[Result "1-0"]
[WhiteElo "2338"]
[BlackElo "2249"]
[Annotator "NA RC"]
[PlyCount "79"]
[EventDate "2019.02.01"]
[EventType "swiss"]
[EventCountry "FRA"]
[SourceTitle "playchess.com"]
[Source "ChessBase"]
[SourceQuality "1"]
[TimeControl "900+5"]

1. d4 {[%emt 0:01:00]} Nf6 {[%emt 0:00:00]} 2. Bf4 {[%emt 0:00:02]} e6 {[%emt 0:00:01]} 3. e3 {[%emt 0:00:06]} c5 {[%emt 0:00:05]} 4. c3 {[%emt 0:00:03]} Nc6 {[%emt 0:00:23]} 5. Nd2 {[%emt 0:00:14]} Be7 {[%emt 0:00:20]} 6. h3 {[%emt 0:00:26]} b6 {[%emt 0:00:21]} 7. Ngf3 {[%emt 0:00:11]} O-O {[%emt 0:00:28]} 8. Bd3 {[%emt 0:00:17]} cxd4 {[%emt 0:00:26]} 9. exd4 {[%emt 0:00:16]} d6 {[%emt 0:00:23]} 10. O-O {[%emt 0:00:13]} Bb7 {[%emt 0:00:29]} 11. Qe2 {[%emt 0:00:08]} Re8 {[%emt 0:00:48]} 12. Rfe1 {[%emt 0:00:39]} Bf8 {[%emt 0:00:52]} 13. Ba6 {[%emt 0:00:26]} Qc8 {[%emt 0:01:09]} 14. Bxb7 {[%emt 0:00:14]} Qxb7 {[%emt 0:00:02]} 15. Ne4 {[%emt 0:00:24]} Nxe4 {[%emt 0:00:48]} 16. Qxe4 {[%emt 0:00:03]} d5 {[%emt 0:00:51]} 17. Qd3 {[%emt 0:00:09]} h6 {[%emt 0:00:48]} 18. g4 {[%emt 0:00:15]} Be7 {[%emt 0:02:26]} 19. Kh1 {[%emt 0:01:14]} Qd7 {[%emt 0:00:33]} 20. Rg1 {[%emt 0:00:45]} Bd6 {[%emt 0:01:15]} 21. Ne5 {[%emt 0:00:30]} Bxe5 {[%emt 0:00:12]} 22. dxe5 {[%emt 0:00:38]} d4 {[%emt 0:00:12]} 23. g5 {[%emt 0:00:06]} Qd5+ {[%emt 0:00:45]} 24. f3 {[%emt 0:00:44]} g6 {[%emt 0:00:48]} 25. gxh6 {[%emt 0:00:30]} Nxe5 {[%emt 0:00:32]} 26. Qe4 {[%emt 0:03:22]} Qxe4 {[%emt 0:00:34]} 27. fxe4 {[%emt 0:00:02]} Nd3 {[%emt 0:00:15]} 28. Bg3 {[%emt 0:00:28]} dxc3 {[%emt 0:00:11]} 29. bxc3 {[%emt 0:00:02]} Rac8 {[%emt 0:00:06]} 30. Rad1 {[%emt 0:00:17]} Rxc3 {[%emt 0:00:18]} 31. Rd2 {[%emt 0:00:02]} Nc5 {[%emt 0:00:25]} 32. Re2 {[%emt 0:00:23]} Kh7 {[%emt 0:00:08]} 33. h4 {[%emt 0:00:05]} Rd8 34. h5 {[%emt 0:00:09]} Rdd3 {[%emt 0:00:21]} 35. hxg6+ {[%emt 0:00:09]} fxg6 {[%emt 0:00:02]} 36. Be5 {[%emt 0:00:13]} Re3 {[%emt 0:00:19]} 37. Rf2 {[%emt 0:00:08]} Rf3 {[%emt 0:00:03]} 38. Rgf1 {[%emt 0:01:01]} Rxf2 {[%emt 0:00:09]} 39. Rxf2 {[%emt 0:00:02]} Re3 {[%emt 0:00:10]} 40. Rf7+ {[%emt 0:00:03]} 1-0

[Event "FRA-ch Universities 2019"]
[Site "Paris"]
[Date "2019.02.02"]
[Round "3"]
[White "Viers, Emmanuel"]
[Black "Sochacki, Wojtek"]
[Result "1-0"]
[WhiteElo "2199"]
[BlackElo "2348"]
[Annotator "TA"]
[PlyCount "83"]
[EventDate "2019.02.01"]
[EventType "swiss"]
[EventCountry "FRA"]
[SourceTitle "playchess.com"]
[Source "ChessBase"]
[SourceQuality "1"]

{[%evp 9,83,-5,3,7,93,97,161,139,135,151,149,129,126,87,105,62,68,54,73,44,68,54,34,20,57,48,296,282,277,315,323,242,259,235,310,274,302,300,800,626,613,583,559,306,2021,1746,1777,555,525,494,472,356,1068,1045,2014,1950,29978,3051,1744,1191,1103,1082,1019,1024,994,979,29983,29984,29984,29985,29985,29986,29986,29987,29987,29988]} 1. d4 $146 (1. Nf3 Nf6 2. Nc3 d5 {½-½ (8) Starostits,I (2461)-Laurusas,T (2453) Panevezys 2018}) ({Predecessor:} 1. Nf3 d5 2. d4 Nf6 {0-1 (24) Cooper,M-Richter,D CServe email 1995}) 1... Nf6 2. Nc3 d5 3. Nf3 Bf5 4. Ne5 (4. Bf4 e6 5. e3 a6 6. Ne5 h6 7. Bd3 Bxd3 8. cxd3 Nbd7 {½-½ (8) Starostits,I (2461)-Laurusas,T (2453) Panevezys 2018}) ({Predecessor:} 4. e3 e6 {0-1 (24) Cooper,M-Richter,D CServe email 1995}) 4... e6 5. e3 Nbd7 6. g4 {D00: 1 d4 d5: Unusual lines} Be4 (6... Nxe5 $11 {remains equal.} 7. gxf5 Nc6) 7. f3 $1 $16 {aiming for Nxd7.} ({Much worse is} 7. Nxe4 $6 Nxe4 8. Nxd7 Kxd7 $11) 7... Bg6 (7... Nxe5 $16 8. dxe5 Nd7) 8. h4 $1 $18 {White is clearly better.} ({Predecessor:} 8. Nxg6 hxg6 9. g5 Nh5 10. f4 c6 11. Bg2 Bb4 12. Bd2 f6 {0-1 (24) Cooper,M-Richter,D CServe email 1995}) 8... h6 9. Nxg6 fxg6 10. Bd3 Kf7 11. Ne2 Bd6 12. c4 c5 13. Qc2 g5 14. Bg6+ Ke7 15. b3 Rc8 16. Kf2 Rf8 17. Kg2 Nb6 $2 (17... gxh4 $14 18. Rxh4 Qc7) 18. hxg5 hxg5 {[#]} 19. e4 $1 {[%cal Re4e5]} cxd4 20. Bxg5 dxc4 21. Nxd4 Be5 {Strongly threatening ...cxb3.} 22. Rad1 Bxd4 {[#]} 23. e5 $1 {[%mdl 512]} Rc5 $2 (23... Bxe5 24. Rxd8 Rfxd8) 24. Bxf6+ Rxf6 25. exf6+ Kxf6 {Now ...Nd5 and Black clings on.} 26. Qe4 {[%mdl 64] Double Attack} e5 $2 (26... Rd5 27. Rhe1 Qd6) 27. Qf5+ Ke7 28. Rh7 (28. Qg5+ $142 Kd7 {[#]} 29. Rxd4+ $1 {[%mdl 576] Remove Defender} exd4 30. Qxc5 {[%mdl 64] Double Attack}) 28... Qf8 {intending ...Qxf5.} 29. Qg5+ Kd6 30. Be4 cxb3 $2 (30... Qf6 31. Rxg7 Qxg5 32. Rxg5 Nd5) 31. Rxg7 {White threatens Qh6+ and mate.} Rc2+ 32. Bxc2 bxc2 33. Qg6+ (33. Rxd4+ $142 exd4 34. Qh6+ Kc5 35. Rg5+ {[%mdl 64] Discovered Attack} Kc4 36. Qxf8 Na4 37. Qc8+ Kd3 38. Qf5+ Kd2 39. Qf4+ {[%mdl 64] Double Attack} Kd3 40. Rd5) 33... Kd5 34. Qe4+ Kd6 35. Rg6+ Kc7 36. Qxc2+ Kb8 37. Qe4 a6 38. Rxd4 {[%mdl 64] Remove Defender. White mates.} exd4 39. Rxb6 {[%csl Gb6][%cal Re4b7]} Qf7 40. Qxd4 Qxa2+ 41. Kg3 Qf7 42. Qf4+ {Accuracy: White = 49%, Black = 37%.} 1-0

[Event "FRA-ch Universities 2019"]
[Site "Paris"]
[Date "2019.02.02"]
[Round "3"]
[White "Grezels, Florian"]
[Black "Sochacki, Christophe"]
[Result "0-1"]
[WhiteElo "2194"]
[BlackElo "2482"]
[Annotator "TA"]
[PlyCount "66"]
[EventDate "2019.02.01"]
[EventType "swiss"]
[EventCountry "FRA"]
[SourceTitle "playchess.com"]
[Source "ChessBase"]
[SourceQuality "1"]

{[%evp 22,66,-24,-50,0,0,0,0,0,-45,-3,-23,0,0,0,39,111,79,102,0,0,-153,-155,-170,-135,-337,-29,-73,-68,-156,-150,-130,-129,-440,-144,-233,-237,-539,-362,-29988,-29989,-29990,-29989,-29989,-29990,-29991,-29992]} 1. e4 e6 2. d4 d5 3. Nc3 Nf6 4. Bg5 Bb4 5. e5 h6 6. Bd2 Bxc3 7. bxc3 Ne4 8. Qg4 Kf8 9. Bd3 ({Predecessor:} 9. h4 c5 10. Rh3 Nc6 11. Bd3 Nxd2 {½-½ (32) Myers,D (2408)-Galanov,S (2539) ICCF email 2013}) 9... Nxd2 10. Kxd2 c5 11. h4 Nc6 12. Rh3 Kg8 $146 {C12: French: Classical System: McCutcheon Variation} (12... c4 13. Bf1 b5 14. Ne2 Rb8 15. a3 Qa5 16. Qf3 Bd7 17. g4 Ke7 18. Bg2 b4 19. cxb4 Rxb4 20. axb4 Qxa1 21. Qa3 Qxa3 22. Rxa3 Nxb4 23. Rxa7 Rb8 24. f4 Nc6 25. Ra1 f6 26. h5 {½-½ (26) Volokitin,A (2671)-Vallejo Pons,F (2702) Wijk aan Zee 2009}) ({Predecessor:} 12... c4 13. Be2 Kg8 14. Rg3 Qf8 {½-½ (32) Myers,D (2408)-Galanov,S (2539) ICCF email 2013}) 13. Rg3 {[%csl Gg3][%cal Rg4g7]} Qf8 14. Nh3 {Black must now prevent Nf4.} c4 $1 {[%cal Rc4d3] The position is equal.} 15. Be2 Rh7 ({Predecessor:} 15... Ne7 16. Nf4 Rh7 17. Nh5 Kh8 18. Qf3 Ng8 19. Rb1 Rb8 20. Rh3 Bd7 21. g4 {½-½ (32) Myers,D (2408)-Galanov,S (2539) ICCF email 2013}) 16. Nf4 b5 (16... Ne7 $11) 17. Nh5 $14 Kh8 18. Qf4 {Threatens to win with Rxg7!} Qe7 ({Better is} 18... Ba6 $14) 19. Rh1 $1 $16 b4 {[%cal Bb5b4,Bb4c3][%mdl 32] [#]} 20. Rhh3 (20. cxb4 $1 $16 {And now c3 would win.} Qxb4+ 21. c3 Qb2+ 22. Ke1 Qb1+ 23. Bd1) 20... bxc3+ $1 $11 21. Ke3 $2 (21. Ke1 $11) 21... Bd7 $17 22. Rg4 {and if Rhg3 works, White does fine.} Rg8 23. Rhg3 $2 (23. Bd1 $17 {was forced.}) 23... Qd8 $2 (23... f5 $19 24. exf6 e5 {[%mdl 64] Discovered Attack} 25. fxe7 exf4+ 26. Nxf4 Nxe7 27. Ng6+ Nxg6 28. Rxg6 Re8+ 29. Kf3 Bf5) 24. Nf6 {[%mdl 64] [#] Double Attack, Pin} ({Not} 24. Qxf7 $2 Rf8 $19) 24... Ne7 $1 {[%cal Bc6e7,Be7f5,Bf5d4,Bd4c2][%mdl 32]} 25. Nxh7 (25. Nxg8 $15 Nf5+ 26. Kf3 Kxg8 27. Bd1 (27. Rh3 $2 Ba4 $19)) 25... Nf5+ {[%mdl 64] Double Attack} 26. Kf3 {Nf6 is the strong threat.} Kxh7 27. Rh3 $2 {[%mdl 8192]} (27. Bd1 $17) 27... f6 $2 (27... Ba4 $19 28. Bd1 Qb6) 28. h5 (28. Bd1 $17) 28... Rf8 $19 {[%cal Bg8f8,Bf8f6,Bf6f4][%mdl 32] aiming for ...Nxd4+!} 29. exf6 $2 (29. Bd1 {was the crucial defense.} Nxd4+ 30. Kg3) 29... Rxf6 {Strongly threatening ...Nxd4+.} 30. Rg6 $2 (30. Qe5 $19 Nxd4+ {[%mdl 64] Double Attack, Discovered Attack (Double check)} 31. Kg3 Nxe2+ 32. Qxe2) 30... Nxd4+ {[%mdl 64] Double Attack. Black mates.} 31. Ke3 Nxc2+ 32. Kf3 Nd4+ 33. Ke3 Rxf4 {Accuracy: White = 26%, Black = 25%.} 0-1

[Event "FRA-ch Universities 2019"]
[Site "Paris"]
[Date "2019.02.02"]
[Round "3"]
[White "Bellaiche, Elise"]
[Black "Defromont, Benjamin"]
[Result "1/2-1/2"]
[WhiteElo "2056"]
[BlackElo "2113"]
[Annotator "TA"]
[PlyCount "84"]
[EventDate "2019.02.01"]
[EventType "swiss"]
[EventCountry "FRA"]
[SourceTitle "playchess.com"]
[Source "ChessBase"]
[SourceQuality "1"]

{[%evp 15,84,20,14,0,3,0,0,0,0,0,0,0,0,0,0,0,22,6,4,17,20,0,0,0,0,0,0,0,0,0,0,0,0,0,0,-12,0,-9,0,-27,-2,-6,0,0,0,0,0,0,0,0,0,0,0,0,0,0,0,0,16,0,0,0,15,0,0,0,17,0,0,0,22]} 1. e4 e6 2. d4 d5 3. exd5 exd5 4. Bd3 (4. Nf3 Bd6 5. Bd3 Nc6 {½-½ (40) Leko,P (2731)-Morozevich,A (2724) Sochi 2014}) 4... Nc6 $146 ({Predecessor:} 4... Bd6 5. Nf3 Bg4 6. O-O Ne7 7. c3 {½-½ (18) Prill,D (1931)-Lehmann,E Ottenau 2005}) 5. c3 Bd6 6. Nf3 Bg4 7. O-O Nge7 8. Re1 ({Predecessor:} 8. Be3 Qd7 9. Nbd2 O-O 10. Qc2 Bf5 11. Rfe1 {½-½ (18) Prill,D (1931)-Lehmann,E Ottenau 2005}) 8... Qd7 9. Be3 {C01: French: Exchange Variation} (9. Nbd2 f6 10. b4 O-O 11. Nf1 Rae8 12. a4 Ng6 13. Ne3 Be6 14. g3 Nce7 15. Ra2 Nf5 16. Ng2 Bf7 17. Rae2 Rxe2 18. Rxe2 Re8 {½-½ (40) Leko,P (2731)-Morozevich,A (2724) Sochi 2014}) 9... O-O 10. Nbd2 Rfe8 11. Qc2 Bf5 12. Nf1 Bxd3 13. Qxd3 Ng6 ({Predecessor:} 13... Nf5 14. Bd2 a6 15. Ng3 Nxg3 16. hxg3 Qg4 17. Ng5 g6 18. Nh3 Ne7 {½-½ (18) Prill,D (1931)-Lehmann,E Ottenau 2005}) 14. Ng3 Bxg3 15. hxg3 Re7 16. Bg5 f6 17. Bd2 Rae8 18. Rxe7 Ncxe7 19. Re1 Nc8 20. Rxe8+ Qxe8 21. Qf5 c6 22. Bf4 Nb6 23. b3 Qd7 24. Qxd7 Nxd7 $11 {[%mdl 4096] Endgame KBN-KNN} 25. Kf1 Kf7 26. Ke2 Ke6 27. Nh4 Ne7 {[#] ...g5 is the strong threat.} 28. Bd2 {The position is equal.} Nc8 (28... g5 $5 29. Nf3 $8 h5 $11) 29. g4 Nd6 30. g3 Ne4 31. Nf5 g6 32. Ne3 b5 33. Ng2 Nb6 34. Nf4+ Kf7 35. Nd3 Nd7 36. Be1 Ke6 37. Bd2 a5 38. Be1 Nb6 39. Nf4+ Kf7 40. Nd3 Ke6 41. Nf4+ Kd7 42. Nd3 Ke6 {Accuracy: White = 60%, Black = 51%.} 1/2-1/2